<?xml version="1.0" encoding="utf-8"?>
<?xml-stylesheet type='text/xsl' href='./oai2.xsl'?>
<OAI-PMH xmlns="http://www.openarchives.org/OAI/2.0/" xmlns:xsi="http://www.w3.org/2001/XMLSchema-instance" xsi:schemaLocation="http://www.openarchives.org/OAI/2.0/ http://www.openarchives.org/OAI/2.0/OAI-PMH.xsd">
  <responseDate>2026-04-30T02:55:31Z</responseDate>
  <request verb="GetRecord" metadataPrefix="marcxml" identifier="record_kuniweb_2508519">https://kulturerbe.niedersachsen.de/oai</request>
  <GetRecord>
    <record>
      <header>
        <identifier>record_kuniweb_2508519</identifier>
        <datestamp>2026-03-31T19:09:18Z</datestamp>
        <setSpec>slg0175</setSpec>
      </header>
      <metadata>
        <marc:record xmlns:marc="http://www.loc.gov/MARC21/slim" xsi:schemaLocation="http://www.loc.gov/MARC21/slim http://www.loc.gov/standards/marcxml/schema/MARC21slim.xsd">
          <marc:leader>12345nkm  22     uu 4500</marc:leader>
          <marc:controlfield tag="001">2508519</marc:controlfield>
          <marc:controlfield tag="003">http://kuniweb.gbv.de</marc:controlfield>
          <marc:controlfield tag="005">2024-05-27T13:44:49</marc:controlfield>
          <marc:controlfield tag="008">|           ||||||||||||||||||||||</marc:controlfield>
          <marc:datafield tag="245" ind1="1" ind2="0">
            <marc:subfield code="a">Die Brautschmückung</marc:subfield>
          </marc:datafield>
          <marc:datafield tag="720" ind1=" " ind2=" ">
            <marc:subfield code="a">E. A. Seemann (Firma : Leipzig)</marc:subfield>
          </marc:datafield>
          <marc:datafield tag="720" ind1=" " ind2=" ">
            <marc:subfield code="a">Friedrich August Ludy</marc:subfield>
          </marc:datafield>
          <marc:datafield tag="720" ind1=" " ind2=" ">
            <marc:subfield code="a">Alexander von Liezen-Mayer</marc:subfield>
          </marc:datafield>
          <marc:datafield tag="720" ind1=" " ind2=" ">
            <marc:subfield code="a">Friedrich Schiller</marc:subfield>
          </marc:datafield>
          <marc:datafield tag="720" ind1=" " ind2=" ">
            <marc:subfield code="a">Theo. Stroefer’s Kunstverlag</marc:subfield>
          </marc:datafield>
          <marc:datafield tag="720" ind1=" " ind2=" ">
            <marc:subfield code="a">Fr Felsing</marc:subfield>
          </marc:datafield>
          <marc:datafield tag="655" ind1=" " ind2="7">
            <marc:subfield code="a">Grafik</marc:subfield>
          </marc:datafield>
          <marc:datafield tag="046" ind1=" " ind2=" ">
            <marc:subfield code="k">1879</marc:subfield>
            <marc:subfield code="k">ca. 1879 - ca. 1880 (Anfertigung der Stiche zur Herausgabe in der Ausgabe von Schillers Lied von der Glocke)</marc:subfield>
            <marc:subfield code="l">1880</marc:subfield>
          </marc:datafield>
          <marc:datafield tag="260" ind1=" " ind2=" ">
            <marc:subfield code="g">1879</marc:subfield>
            <marc:subfield code="g">1880</marc:subfield>
            <marc:subfield code="g">ca. 1879 - ca. 1880 (Anfertigung der Stiche zur Herausgabe in der Ausgabe von Schillers Lied von der Glocke)</marc:subfield>
          </marc:datafield>
          <marc:datafield tag="300" ind1=" " ind2=" ">
            <marc:subfield code="a">Höhe: 223 mm (Darstellung)
Breite: 156 mm (Darstellung)
Höhe: 290 mm (Blatt)
Breite: 202 mm (Blatt)</marc:subfield>
          </marc:datafield>
          <marc:datafield tag="520" ind1=" " ind2=" ">
            <marc:subfield code="a">Kupferstich Friedrich Ludys nach einer Komposition Alexander Liezen-Mayers zu einer illustrierten Ausgabe von Schillers Lied von der Glocke (neben einem vollständigen Text von Schillers "Glocke" enthält das Münchener Prachtwerk 17 Kompositionen von A. Liezen-Mayer, von denen 6 als Kupferstich und 11 als Holzschnitt ausgeführt wurden).
Einzelblatt erschienen als Beilage in der "Zeitschrift für bildende Kunst" 1880 mit Erläuterungen zu Entstehung und Veröffentlichung der Buchillustrationen ("Dieselben sind zum Theil als Vollbilder [der Prachtausgabe] beigefügt und von Deininger, Forberg und Ludy gestochen, zum Theil als Text-Illustrationen mit dem Typendruck verbunden und nebst ihren reichen von Rudolf Seitz gezeichneten Umrahmungen von W. Hecht's Anstalt in Holzschnitt ausgeführt." (ZfbK 1880, S. 60) (T. Mahler 05/2024)

Aufdruck:
"A. Liezen Mayer pinx." u. li. "Fr. Felsing impr./ Theo Stroefer's Kunstverlag in München" u. mittig "Fr. Ludy sculp." u. re. (unterhalb der Darstellung innerhalb der Druckplatte)

Aufschrift:
"15/2" verso u. re. (Angaben zur Auflage ("Zeitschrift für bildende Kunst", Bd. 15, Heft 2, Leipzig 1880))

Gravur:
"Liezen Mayer" u. re. (Signatur des Künstlers innerhalb der Darstellung in der Reproduktion übernommen)

Veröffentlicht in:
Zeitschrift für bildende Kunst. Mit dem Beiblatt Kunst-Chronik, hrsg. von Carl von Lützow (Bd. 15, 2), Leipzig (1880), S. 60f.

Veröffentlicht in:
F. Schiller, A. Liezen-Mayer, und R. Seitz, „Das Lied von der Glocke“. Ströfer, München, 1880.</marc:subfield>
          </marc:datafield>
          <marc:datafield tag="650" ind1="1" ind2=" ">
            <marc:subfield code="a">Grafik, Fotografie &gt; Druckgrafik &gt; Tiefdruck &gt; Kupferstich</marc:subfield>
          </marc:datafield>
          <marc:datafield tag="773" ind1="0" ind2=" ">
            <marc:subfield code="t">Sammlung und Nachlass Hermann Allmers</marc:subfield>
          </marc:datafield>
          <marc:datafield tag="852" ind1=" " ind2=" ">
            <marc:subfield code="a">Archiv des Landkreises Cuxhaven</marc:subfield>
          </marc:datafield>
          <marc:datafield tag="852" ind1=" " ind2=" ">
            <marc:subfield code="a">München</marc:subfield>
          </marc:datafield>
          <marc:datafield tag="" ind1=" " ind2=" ">
            <marc:subfield code="a">Sammlung und Nachlass Hermann Allmers sind Eigentum der Hermann-Allmers-Gesellschaft e. V. und werden in zwei Teilen an zwei Standorten verwahrt:
Die (museale) Sammlung, bestehend aus Mobiliar und Hausgerät, Tafelgemälden, kleineren und größeren Antiken, Gipsabgüssen, kunsthandwerklichen Objekten aus Keramik und Glas und einer kleinen Bibliothek, befindet sich im Allmers-Haus in Rechtenfleth.
Der literarische, grafische und fotografische "Nachlass Hermann Allmers" hingegen ist im Archiv des Landkreises Cuxhaven in Otterndorf deponiert.</marc:subfield>
          </marc:datafield>
          <marc:datafield tag="" ind1=" " ind2=" ">
            <marc:subfield code="a">Namensnennung - Nicht kommerziell - Keine Bearbeitungen 4.0 International (CC BY-NC-ND 4.0)</marc:subfield>
          </marc:datafield>
        </marc:record>
      </metadata>
    </record>
  </GetRecord>
</OAI-PMH>
